Staré bolesti - staré hriechy odstráni nový zákon rozostavanosť, nákladovosť, predlžovanie výstavby?
Silný vplyv rozvoja investičnej výstavby na ostatné dodávateľské odvetvia. Rozvojový program priorít verejných investícií na roky 1996-1998 a jeho plnenie. Návrh Rozvojového programu priorít verejných investícií na roky 1998-2000. Očakávanie plnenia rozvojového programu. Potreba úpravy problematiky...
Gespeichert in:
| 1. Verfasser: | |
|---|---|
| Format: | Buch |
| Sprache: | Slowakisch |
| Schlagworte: | |
| Tags: |
Keine Tags, Fügen Sie das erste Tag hinzu!
|
MARC
| LEADER | 00000nam a2200000 4500 | ||
|---|---|---|---|
| 001 | r031842 | ||
| 005 | 20230824094914.3 | ||
| 041 | 0 | |a slo | |
| 044 | |a SK | ||
| 245 | 1 | 0 | |a Staré bolesti - staré hriechy |b odstráni nový zákon rozostavanosť, nákladovosť, predlžovanie výstavby? |c Jarmila Görnerová |
| 520 | |a Silný vplyv rozvoja investičnej výstavby na ostatné dodávateľské odvetvia. Rozvojový program priorít verejných investícií na roky 1996-1998 a jeho plnenie. Návrh Rozvojového programu priorít verejných investícií na roky 1998-2000. Očakávanie plnenia rozvojového programu. Potreba úpravy problematiky verejných prác zákonom. | ||
| 610 | 2 | 0 | |a výstavba investičná |
| 610 | 2 | 0 | |a programy rozvojové |
| 610 | 2 | 0 | |a investície rozvojové |
| 610 | 2 | 0 | |a investície verejné |
| 610 | 2 | 0 | |a práce verejné |
| 610 | 2 | 0 | |a rozostavanosť |
| 610 | 2 | 0 | |a Slovensko |
| 610 | 2 | 0 | |a 1996-1998 |
| 610 | 2 | 0 | |a 1998-2000 |
| 610 | 2 | 0 | |a Rozvojový program priorít verejných investícií |
| 610 | 2 | 0 | |a MVVP SR Bratislava |
| 100 | 1 | |a Görnerová, Jarmila | |